Up All Night - James Bay Ft. The Lumineers and Noah Kahan Lyrics - Statistics

General Stats
  • This quiz has been taken 9 times
  • The average score is 158 of 256
Answer Stats
Lyric % Correct
all
89%
I
89%
night
89%
up
89%
about
67%
at
67%
gotta
67%
keep
67%
talk
67%
that
67%
the
67%
things
67%
us
67%
who
67%
why
67%
you
67%
an
56%
and
56%
'cause
56%
dreams
56%
i've
56%
let
56%
let's
56%
looking
56%
what
56%
been
44%
can
44%
down
44%
get
44%
i'm
44%
me
44%
see
44%
this
44%
true
44%
want
44%
worried
44%
around
33%
but
33%
came
33%
can't
33%
don't
33%
life
33%
mirror
33%
wanted
33%
went
33%
had
22%
leave
22%
not
22%
out
22%
room
22%
Start
22%
'til
22%
way
22%
automatic
11%
hold
11%
kinda
11%
lies
11%
little
11%
nearer
11%
panic
11%
'round
11%
stop
11%
sun
11%
talking
11%
turn
11%
alive
0%
always
0%
burying
0%
call
0%
circles
0%
eat
0%
forgot
0%
myself
0%
No matching quizzes found
Score Distribution
Percent of People with Each Score
Percentile by Number Answered
Your Score History
You have not taken this quiz